00507 2200193 4500245005400000020002200054250001000076100002200086700001800108700002200126650001800148650001000166005001900176260006500195041001400260084001200274300001800286336000900304 aPetualangan ke Masa LalucPratiwi AmbarwatihText a978-623-307-014-0 aCet.2 aPratiwi Ambarwati aWena Wiraksih aSupriyanto Narsim aCerita Rakyat aEbook a20241105094551 aJakarta TimurbBadan Pengembangan dan Pembinaan Bahasac2022 aIndonesia a298.209 avi :c38 hlm. atext